L'Outre-mer français : 1 - la Guyane - Statistiques

Statistiques générales
  • Ce quiz a été pris 330 fois
  • Le résultat moyen est 12 sur 15
Statistiques - réponses
Indice Réponse % Correct
Quel est l'autre pays limitrophe ? Brésil
97%
Quel océan borde la Guyane ? Atlantique
96%
Quelle est la plus grande ville ? Cayenne
96%
Quelle forêt couvre l'essentiel du territoire guyanais ? La forêt amazonienne
94%
Quel est le pays limitrophe à l'ouest de la Guyane ? Suriname
92%
Quelle ville guyanaise est le "port européen de l'espace" ? Kourou
89%
Quelle richesse minière recèle le sous-sol guyanais ? L'or
85%
Comment s'appelle le lanceur qui en part régulièrement ? Ariane
81%
Quelle festivité mobilise les Guyanais plusieurs semaines chaque année ? Le carnaval
78%
Quelle personnalité politique guyanaise a été ministre de François Hollande ? Christiane Taubira
72%
Quel est le moyen de transport le plus fréquent pour y pénétrer ? La pirogue
72%
Quel est l'animal emblématique de la Guyane ? (photo) Le toucan
67%
Quelle est la sous-préfecture de la Guyane ? Saint-Laurent du Maroni
62%
Combien de langues amérindiennes sont-elles parlées en Guyane ? Six
62%
Quelle institution a contribué au peuplement de la Guyane au 19ème siècle ? Le bagne
45%
Aucun quiz correspondant
Distribution des résultats
% des personnes avec chaque résultat
Percentile par nombre de réponses
Votre historique - résultats
Vous n’avez pas pris ce quiz